Bước đầu bảo quản một số loại hoa thương phẩm Đà Lạt /
Guardado en:
| Autor principal: | |
|---|---|
| Otros Autores: | , |
| Formato: | Artículo |
| Lenguaje: | Vietnamese |
| Etiquetas: |
Agregar Etiqueta
Sin Etiquetas, Sea el primero en etiquetar este registro!
|
| Thư viện lưu trữ: | Thư viện Trường Đại học Đà Lạt |
|---|
| LEADER | 00833nam a2200253 4500 | ||
|---|---|---|---|
| 001 | DLU120137632 | ||
| 005 | ##20120719 | ||
| 040 | # | # | |a DLU |b vie |
| 041 | # | # | |a vie |
| 044 | # | # | |a vn |
| 100 | # | # | |a Lê Như Bích. |
| 245 | # | # | |a Bước đầu bảo quản một số loại hoa thương phẩm Đà Lạt / |c Lê Như Bích, Hồ thị Xuân, Nguyễn Vũ Phong. |
| 700 | # | # | |a Hồ thị Xuân. |
| 700 | # | # | |a Nguyễn Vũ Phong. |
| 773 | # | # | |t Thông báo khoa học: Kỷ niệm năm mươi năm thành lập Trường Đại Học |g 2008, tr. 23-30 |
| 920 | # | # | |a Phòng Tạp chí -- Trung tâm Thông tin - Thư viện Trường Đại học Đà Lạt |
| 994 | # | # | |a DLU |
| 900 | # | # | |a True |
| 911 | # | # | |a Nguyễn Thị Tưởng |
| 925 | # | # | |a G |
| 926 | # | # | |a A |
| 927 | # | # | |a BB |
| 980 | # | # | |a Thư viện Trường Đại học Đà Lạt |